| 000 | 00382cam a2200145ua 4500 | ||
|---|---|---|---|
| 041 |
_aeng _h |
||
| 082 |
_a631.586 _bHIL/DR |
||
| 100 | _aHill, Polly . | ||
| 245 |
_aDry grain farming families / _cPolly Hill. _hTextual Documents |
||
| 260 |
_aCambridge : _bCambridge University Press , _c1982. |
||
| 300 |
_a322 : _b506 ; . |
||
| 504 | _a | ||
| 942 | _cBK | ||
| 999 |
_c10524 _d10524 |
||